Responses for show #4643 - Wednesday, November 10, 2004

2004 College Championship quarterfinal game 1.

Contestants

Casey Retterer, a sophomore at the University of Maryland from Olney, Maryland

Amory Jendrek, a freshman at Davidson College from Knoxville, Tennessee

Kermin Fleming, a junior at Carnegie Mellon University from Lexington, Kentucky

Jeopardy! Round responses

REPORTING FROM THE WHITE HOUSE
VIDEO GAMES
IT’S A MONARCHY
THEY DO GOOD WORK
COLLEGES & UNIVERSITIES
"Y"? BECAUSE WE LIKE YOU!
    $200 6
Gerald Ford

Kermin
    $200 1
Tony Hawk

Amory
    $200 8
Japan

Kermin
    $200 19
Africa

Kermin
    $200 22
(Amory: What is Indiana?)

Ohio

KerminAmory
    $200 28
Yoo-hoo

Casey
    $400 7
welfare

Amory
    $400 2
Grand Theft Auto: Vice City

Amory
    $400 9
Saudi Arabia

Casey
    $400 20
(Amory: What are wishes?)

dreams

KerminAmory
    $400 23
Princeton

Amory
    $400 30
Yahoo!

Kermin
    $600 12
Robert Kennedy

Amory
    $600 3
Unreal Tournament

Kermin
    $600 13
Cambodia

Kermin
    $600 21
the Vatican

Kermin
    $600 25
Rice

Kermin
    $600 29
the Yellow Pages

Amory
    $800 16
Thurgood Marshall

Casey
    $800 4
Gran Turismo

Casey
    $800 14
Belgium

Kermin
    $800 24
borders

Amory
    $800 26
Pepperdine

Amory
    $800 17
(Amory: What is yo?)
(Alex: Be more specific. ...Oh, sorry.)

yeoman

KerminAmory
    $1000 18
the Camp David Accords

Amory
    $1000 5
Everquest

Kermin
    $1000 15
Malaysia

Kermin
    $1000 10
the National Ski Patrol

Triple Stumper
    $1000 27
Emory

Kermin
    $1000 11
Yemen

Kermin

Scores at the first commercial break (after clue 13):

Kermin Amory Casey
$3,600 $1,600 $1,200

Scores at the end of the Jeopardy! Round:

Kermin Amory Casey
$9,600 $3,800 $2,200

Double Jeopardy! Round responses

WEIRD HISTORY
FILMS OF THE 21st CENTURY
DA OLOGY SHOW
TRASH TALKIN'
TRAVEL
BY TWAIN
    $400 4
Sicily

Kermin
    $400 8
Russell Crowe

Amory
    $400 17
(Kermin: What is biology?)

anthropology

KerminCasey
    $400 19
a litter

Kermin
    $400 14
San Juan

Casey
    $400 7
Tom Sawyer

Kermin
    $800 11
Henry VIII

Amory
    $800 9
Cold Mountain

Casey
    $800 21
(Kermin: What is archaeology?)

egyptology

KerminCasey
    $800 23
pollute

Casey
    $800 20
Montreal

Kermin
    $2,200 6
Calaveras County

Kermin
    $1200 15
Pluto

Amory
    $1200 12
Lost in Translation

Amory
    $1200 27
theology

Triple Stumper
    $1200 29
debris

Triple Stumper
    $1200 25
Tower Bridge

Amory
    $1200 5
Innocents

Kermin
    $1600 2
the First World War

Casey
    $1600 13
Moulin Rouge!

Kermin
    $1600 22
herpetology

Kermin
    $1600 24
rubbish

Kermin
    $5 28
Norway

Kermin
    $1600 16
Life on the Mississippi

Kermin
    $2000 1
(James) Garfield

Casey
    $2000 3
Whale Rider

Kermin
    $2000 18
etymology

Kermin
    $2000 10
(Casey: What is dis?)

refuse

KerminCasey
    $2000 30
St. Mark's Square

Kermin
    $2000 26
Pudd'n'head Wilson

Kermin

Scores at the end of the Double Jeopardy! Round:

Kermin Amory Casey
$30,205 $8,600 $7,000
(lock game)

Final Jeopardy! Round responses

WORLD FLAGS
CaseyWhat is the Southern Cross?
$7,000
AmoryWhat is the Southern Cross?
$2,400
KerminWhat is the Southern Cross?
$1,337
the Southern Cross

Final scores:

Kermin Amory Casey
$31,542 $11,000 $14,000
Automatic semifinalist 3rd place: $5,000 if eliminated 2nd place: $5,000 if eliminated

Game dynamics:

Coryat scores:

Kermin Amory Casey
$30,400 $8,600 $7,000
32 R
(including 3 DDs),
2 W
14 R,
3 W
11 R,
1 W

Combined Coryat: $46,000

The J! Archive is created by fans, for fans. The Jeopardy! game show and all elements thereof, including but not limited to copyright and trademark thereto, are the property of Jeopardy Productions, Inc. and are protected under law. This website is not affiliated with, sponsored by, or operated by Jeopardy Productions, Inc. Join the discussion at JBoard.tv.